000
00342pab a2200145 454500
008
180718b1988 xxu||||| |||| 00| 0 eng d
100
_a
Bajaj, S.S.
245
_a
Credit needs of tribal farmers
260
_c
1988
300
_a
28-31
362
_a
Mar.
650
_a
Agricultural Credit
773
_a
Tribal Research Bulletin
909
_a
3333
999
_c
3333
_d
3333